[Event "Lippe Cup 04th"]
[Site "Lieme"]
[Date "2007.09.28"]
[Round "1"]
[White "Neudorf, Rainer"]
[Black "Steinbach, Juergen"]
[Result "1/2-1/2"]
[WhiteElo "1316"]
[BlackElo "1608"]
[PlyCount "51"]
[EventDate "2007.09.28"]
[EventType "swiss"]
[EventRounds "5"]
[EventCountry "GER"]
[SourceTitle "EXT 2012"]
[Source "ChessBase"]
[SourceDate "2011.11.24"]
[SourceVersion "1"]
[SourceVersionDate "2011.11.24"]
[SourceQuality "1"]

1. e4 e6 2. Nf3 d5 3. exd5 exd5 4. d4 Nc6 5. a3 Bd6 6. Nc3 Nge7 7. Bg5 f6 8. Be3 Bg4 9. h3 Bh5 10. g4 Bf7 11. Nb5 h5 12. Bg2 hxg4 13. hxg4 Rxh1+ 14. Bxh1 g5 15. Qd2 Qd7 16. Nxd6+ Qxd6 17. 0-0-0 0-0-0 18. Ng1 Rh8 19. Ne2 Be6 20. f4 Bxg4 21. fxg5 fxg5 22. Re1 Rh2 23. Bxg5 Ng6 24. Qe3 Rxe2 25. Rxe2 Bxe2 26. Qxe2 1/2-1/2